00748nam a22002057a 4500003000400000005001700004008004100021040002200062082001500084100002700099245002500126260003000151300002000181490001300201505008100214505011100295650004100406650005000447650004500497OSt20230824075642.0221006b |||||||| |||| 00| 0 eng d cBiblioteca Lado V a700bR331a aReeve, Charleseeditor aART PAPERS MAGAZINE/ c1999bMITPREESSaHonduras c25.5x34cma68p. a05v23.3 tFEATURESaAccording to what Provoking Perception Crossing a Culture Divide tCOLUMNS AND RESOURCESaNews Departures IN Belfast Findings Surviving Studio Visit Art Resource Guide 2Tesauro de Arte & ArquitecturaaARTE 2Tesauro de Arte & ArquitecturaaEXHIBICIONES  2Tesauro de Arte & ArquitecturaaANALISIS